Photoshop CS2 visual encyclopedia

Spremljeno u:
Bibliografski detalji
Glavni autor:  Romaniello, Stephen
Format: Sách
Jezik:Undetermined
Izdano:  Wiley  2006
Teme:
Oznake: Dodaj oznaku
Bez oznaka, Budi prvi tko označuje ovaj zapis!
Thư viện lưu trữ: Trung tâm Thư viện - Trường Đại học Công nghiệp TP. Hồ Chí Minh
LEADER 00501nam a2200157Ia 4500
001 UIH_07129
008 231011s9999 xx 000 0 und d
082 |a  006.68 
100 |a  Romaniello, Stephen 
245 0 |a  Photoshop CS2 visual encyclopedia 
245 0 |c  Romaniello, Stephen 
260 |b  Wiley 
260 |c  2006 
650 |a  Adobe Photoshop; Đồ họa máy tính;  
927 |a Sách 
980 |a Trung tâm Thư viện - Trường Đại học Công nghiệp TP. Hồ Chí Minh